Formuła 1 - Dostawcy Silników McLaren - Statystyki

Ogólne statystyki
  • Ten quiz został rozwiązany 39 razy
  • Średni wynik to 8 z 13
Statystyki odpowiedzi
Sezony Silnik % Poprawnych
2015-2017 Honda
100%
1988-1992 Honda
100%
2021-teraz Mercedes
100%
1995-2016 Mercedes
100%
2018-2020 Renault
84%
1993 Ford Cosworth
76%
1968-1983 Ford Cosworth
76%
1966 Ford
68%
1983-1987 TAG Porsche
34%
1994 Peugeot
24%
1970 Alfa Romeo
13%
1967-1968 BRM
3%
1966 Serenissima
0%
Nie znaleziono quizów pasujących do podanych kryteriów
Rozkład punktacji
Procent ludzi z każdym wynikiem
Percentyl według liczby udzielonych odpowiedzi
Twoja historia wyników
Nie rozwiązałeś tego quizu